000 00683nam a2200229Ia 4500
003 OSt
005 20220928113653.0
006 a|||||r|||| 00| 0
007 ta
008 220927b |||||||| |||| 00| 0 eng d
024 _a49976
037 _cTextual
040 _aSDCL
_cSDCL
_beng
041 _2eng
_aeng
082 _aV41,4C'N4, K8
100 _aSlyke Lyman P Van
_9434385
245 0 _aChiness communist movement
_b A report of the United States war department,july 1945
260 _aCalifornia
_bStanford University Press
_c1968
300 _avii,274p
_ccm.
942 _hV41,4C'N4, K8
_cTEXL
_2CC
999 _c750721
_d750721